000 01428cam a2200133 4500500
005 20251214002001.0
041 _afre
042 _adc
100 1 0 _aColin, Sébastien
_eauthor
245 0 0 _aLa Chine et ses frontières
260 _bArmand Colin,
_c2011.
520 _aÀ L'HEURE OÙ LA CHINE S'IMPOSE SUR LA SCÈNE INTERNATIONALE, le pays semble paradoxalement fragilisé à l'échelle de ses frontières et de ses régions frontalières. Lieux de coopérations avec les pays voisins, où la Chine gagne progressivement en influence, celles-ci sont en effet le théâtre de vives tensions. Litiges territoriaux (entre la Chine et l'Inde, dans les mers de Chine orientale et méridionale), proximité de zones de forte instabilité (Corée du Nord, Birmanie, Asie centrale), épineuses questions de Taiwan, du Xinjiang et surtout du Tibet ne cessent ainsi d'interroger et de remettre en question la puissance et l'unité même de la nation chinoise. Après un retour sur le long processus de délimitation frontalière, cet ouvrage éclairant analyse le défi majeur que représente aujourd'hui pour la Chine la sécurisation de ses frontières et de son environnement régional. Car derrière ces enjeux nationaux et internationaux, c'est bien son destin géopolitique qui est en train de se jouer.
856 4 1 _uhttps://shs.cairn.info/la-chine-et-ses-frontieres--9782200255039?lang=fr&redirect-ssocas=7080
999 _c1566644
_d1566644